Accounting principles (Record no. 9545)
[ view plain ]
| 000 -LEADER | |
|---|---|
| fixed length control field | 00919 a2200241 4500 |
| 020 ## - INTERNATIONAL STANDARD BOOK NUMBER | |
| International Standard Book Number | 0471448575 (cloth : alk. paper) |
| 020 ## - INTERNATIONAL STANDARD BOOK NUMBER | |
| International Standard Book Number | 0471448842 (pbk. : alk. paper) |
| 040 ## - CATALOGING SOURCE | |
| Original cataloging agency | DLC |
| Language of cataloging | DLC |
| 082 00 - DEWEY DECIMAL CLASSIFICATION NUMBER | |
| Classification number | 657 |
| 100 1# - MAIN ENTRY--PERSONAL NAME | |
| Personal name | Weygandt, Jerry J. |
| 245 10 - TITLE STATEMENT | |
| Title | Accounting principles |
| Statement of responsibility, etc. | Jerry J. Weygandt, Donald E. Kieso, Paul D. Kimmel. |
| 250 ## - EDITION STATEMENT | |
| Edition statement | 7th ed. |
| 260 ## - PUBLICATION, DISTRIBUTION, ETC. | |
| Place of publication, distribution, etc. | Hoboken, NJ : |
| Name of publisher, distributor, etc. | John Wiley, |
| Date of publication, distribution, etc. | c2005. |
| 300 ## - PHYSICAL DESCRIPTION | |
| Extent | 1 v. (various pagings) : |
| Other physical details | col. ill. ; |
| Dimensions | 29 cm. |
| 500 ## - GENERAL NOTE | |
| General note | Includes indexes. |
| 650 #0 - SUBJECT ADDED ENTRY--TOPICAL TERM | |
| Topical term or geographic name entry element | Accounting. |
| 700 1# - ADDED ENTRY--PERSONAL NAME | |
| Personal name | Kieso, Donald E. |
| 700 1# - ADDED ENTRY--PERSONAL NAME | |
| Personal name | Kimmel, Paul D. |
| 856 42 - ELECTRONIC LOCATION AND ACCESS | |
| Materials specified | Contributor biographical information |
| Uniform Resource Identifier | <a href="http://www.loc.gov/catdir/bios/wiley046/2003065000.html">http://www.loc.gov/catdir/bios/wiley046/2003065000.html</a> |
| 856 42 - ELECTRONIC LOCATION AND ACCESS | |
| Materials specified | Publisher description |
| Uniform Resource Identifier | <a href="http://www.loc.gov/catdir/description/wiley041/2003065000.html">http://www.loc.gov/catdir/description/wiley041/2003065000.html</a> |
| 856 42 - ELECTRONIC LOCATION AND ACCESS | |
| Materials specified | Table of contents |
| Uniform Resource Identifier | <a href="http://www.loc.gov/catdir/toc/wiley041/2003065000.html">http://www.loc.gov/catdir/toc/wiley041/2003065000.html</a> |
| 942 ## - ADDED ENTRY ELEMENTS (KOHA) | |
| Koha item type | Book |
| Call number prefix | 657 WEY |
| Source of classification or shelving scheme | |
| Withdrawn status | Lost status | Damaged status | Not for loan | Collection code | Permanent Location | Current Location | Shelving location | Date acquired | Source of acquisition | Cost, normal purchase price | Total Checkouts | Total Renewals | Full call number | Barcode | Date last seen | Date last checked out | Price effective from | Koha item type |
|---|---|---|---|---|---|---|---|---|---|---|---|---|---|---|---|---|---|---|
| Central Library (CL) | Central Library (CL) | General Stacks | 08/16/2005 | Allied Book Company | 2879.95 | 2 | 1 | 657 WEY | SEECS006285 | 05/24/2019 | 01/22/2019 | 01/05/2017 | Book |
